Magnetospheric physics (Record no. 4024)
[ view plain ]
| 000 -LEADER | |
|---|---|
| fixed length control field | 00945nam a2200229Ia 4500 |
| 003 - CONTROL NUMBER IDENTIFIER | |
| control field | IN-BaIIA |
| 008 - FIXED-LENGTH DATA ELEMENTS--GENERAL INFORMATION | |
| fixed length control field | 211028s9999 xx 000 0 eng d |
| 040 ## - CATALOGING SOURCE | |
| Transcribing agency | IIA Library |
| 080 ## - UNIVERSAL DECIMAL CLASSIFICATION NUMBER | |
| Universal Decimal Classification number | 551.510.5(082.1) |
| Item number | MAG |
| 111 ## - MAIN ENTRY--MEETING NAME | |
| Meeting name or jurisdiction name as entry element | International Symposium on the Physics of the Magnetosphere |
| Location of meeting | Washington, D.C. |
| Date of meeting or treaty signing | 1968 Sep. 3-13 |
| 9 (RLIN) | 7115 |
| 245 #0 - TITLE STATEMENT | |
| Title | Magnetospheric physics |
| Remainder of title | proceedings of the international symposium on the physics of the magnetosphere, held in washington, U.S.A., September 3-13, 1968 |
| Statement of responsibility, etc. | edited by Donald J. Williams and Gilbert. D. Mead |
| 260 ## - PUBLICATION, DISTRIBUTION, ETC. | |
| Place of publication, distribution, etc. | Washington |
| Name of publisher, distributor, etc. | American Geophysical Union |
| Date of publication, distribution, etc. | 1969 |
| 300 ## - PHYSICAL DESCRIPTION | |
| Extent | 459p. |
| 650 ## - SUBJECT ADDED ENTRY--TOPICAL TERM | |
| Topical term or geographic name entry element | Astronomy and astrophysics thesaurus |
| 650 ## - SUBJECT ADDED ENTRY--TOPICAL TERM | |
| Topical term or geographic name entry element | Magnetic fields |
| 9 (RLIN) | 530 |
| 650 ## - SUBJECT ADDED ENTRY--TOPICAL TERM | |
| Topical term or geographic name entry element | Magnetosphere |
| 9 (RLIN) | 3270 |
| 650 ## - SUBJECT ADDED ENTRY--TOPICAL TERM | |
| Topical term or geographic name entry element | Upper atmosphere |
| 9 (RLIN) | 2186 |
| 700 ## - ADDED ENTRY--PERSONAL NAME | |
| Personal name | Mead, Gilbert D., ed. |
| 9 (RLIN) | 7116 |
| 700 ## - ADDED ENTRY--PERSONAL NAME | |
| Personal name | Williams, Donald J., ed. |
| 9 (RLIN) | 7117 |
| 710 ## - ADDED ENTRY--CORPORATE NAME | |
| Corporate name or jurisdiction name as entry element | National Academy of Sciences (U.S.) |
| 9 (RLIN) | 7118 |
| 942 ## - ADDED ENTRY ELEMENTS (KOHA) | |
| Koha item type | Books |
| 952 ## - LOCATION AND ITEM INFORMATION (KOHA) | |
| -- | 7.00 |
| Withdrawn status | Lost status | Damaged status | Not for loan | Home library | Current library | Shelving location | Date acquired | Total Checkouts | Full call number | Barcode | Date last seen | Price effective from | Koha item type |
|---|---|---|---|---|---|---|---|---|---|---|---|---|---|
| IIA Library-Bangalore | IIA Library-Bangalore | General Stacks | 19/10/1972 | 551.510.5(082.1)/ MAG | 4494 | 05/11/2021 | 19/10/1972 | Books |